00458nam a2200133Ia 4500008004100000041000800041082001400049100001800063245004500081260004900126300003000175999001500205952010400220240624s9999 xx 000 0 und d aeng a658.5 CHO aCHOUDHURY S K aPRODUCTION MANAGEMENT AN INTEGRATED APPR c1990aBombaybMedia promoters and publishers aix, : 525 : p. : cm. ; 22 c5173d5173 00104070aIMTNbIMTNcRack 34-Ad2007-05-15o658.5 CHOp5173r2024-06-24 00:00:00w2024-06-24yBK